00613nam a2200145Ia 4500008004100000050002800041100002200069245009700091260008600188300002900274521002700303942000700330999001900337952011100356140724s9999 xx 000 0 und d aQA 76.9.S88b.V145 2014 aValdez, Regine G. aInventory system for South SEED-LPDH College (SSLC) science laboratories /cRegine G. Valdez aLas Piñas, Philippines :bSouthville International School and Colleges,cc2014. a117 p. :bill. ;c28 cm. aInformation Technology cTH c229243d229243 001040aCLbCLcTHESESd2014-07-24l0oQA 76.9.S88 .V145 2014pT0597r2017-03-23 00:00:00w2014-07-24yTH